| 000 | 00702nam a22002057a 4500 | ||
|---|---|---|---|
| 005 | 20251108164051.0 | ||
| 008 | 250721s1992 xx 000 0 ara d | ||
| 082 | 1 | 4 | _a216,9/تيم |
| 100 | 1 | _aإبن تيمية، تقي الدين أبو العباس ... | |
| 245 | 1 | 0 | _aالعصيان المسلح أو قتال أهل البغي في دولة الإسلام و موقف الحاكم منه / |
| 264 | 1 |
_aبيروت : _bدار الجيل، _c1992. |
|
| 300 | _a272ص | ||
| 650 | 1 | 7 | _aالأحكام السلطانية |
| 650 | 1 | 7 | _aالإسلام |
| 650 | 1 | 7 | _aالفقه |
| 650 | 1 | 7 | _aالردة |
| 700 | 1 |
_aعميرة، عبد الرحمن _eتحقيق |
|
| 942 |
_2ddc _cBK |
||
| 999 |
_c2763 _d2763 |
||